000 01521nam a2200397Ii 4500
001 DIGMARCOM0123
003 NyNyDIG
008 140728t20112011sp a ob 000 0 spa d
006 m o d
007 cr |||||||||||
040 _aDGITA
_beng
_erda
_epn
_cDGITA
020 _z9788426717351
020 _z8426717357
043 _ae-sp---
050 1 4 _aT55 eBook
100 1 _aCreus Solé, Antonio,
_eauthor.
245 1 0 _aTécnicas para la prevención de riesgos laborales /
_cAntonio Creus Solé.
250 _aPrimera edición.
264 1 _aBarcelona (España) :
_bMarcombo, S.A.,
_cjunio 2011.
264 4 _c©2011
300 _a1 online resource (1188 pages) :
_billustrations.
336 _atext
_btxt
_2rdacontent
337 _acomputer
_bc
_2rdamedia
338 _aonline resource
_bcr
_2rdacarrier
504 _aIncludes bibliographical references.
588 0 _aOnline resource; title from ePub and PDF title page (Digitalia, viewed July 30, 2014)
650 0 _aIndustrial safety
_zSpain.
650 0 _aWork environment
_zSpain
_xSafety measures.
655 0 _aElectronic books.
791 2 _aDigitalia (Firm),
_edistributor.
793 0 _gDigitalia eBook Collection:
_aMarcombo.
776 0 8 _iPrint version:
_aCreus Solé, Antonio.
_tTécnicas para la prevención de riesgos laborales.
_bPrimera edición.
_dBarcelona : Marcombo, 2011
_z9788426717351
856 4 0 _3Digitalia Hispánica
_uhttps://www.digitaliapublishing.com/a/17168/
910 _aPremium Collection: 2013
942 _cRAA
999 _c235177
_d235177